| 000 | nam a22 a 4500 | ||
|---|---|---|---|
| 999 |
_c1507 _d1507 |
||
| 003 | AKMAL | ||
| 005 | 20170509163724.0 | ||
| 008 | 170509s1997 my 00 may d | ||
| 020 |
_a9835200955 (kkt.) : _cRM30.00 |
||
| 040 |
_aAKMAL _cAKMAL |
||
| 082 | 0 | 4 | _a305.89510595 PUR |
| 090 | 0 | 0 |
_a305.89510595 _bPUR |
| 100 | 1 |
_aPurcell, Victor, _d1896-1965 _93007 |
|
| 245 | 1 | 0 |
_aOrang-orang Cina di Tanah Melayu / _cVictor Purcell ; penterjemah Nik Hasnaa Nik Mahmood |
| 260 |
_aSkudai : _bPenerbit Universiti Teknologi Malaysia, _c1997 |
||
| 300 | 0 | 0 |
_axvi, 360ms. : _bil. ; _c23cm |
| 500 | _aMengandungi indeks | ||
| 500 | _aTerjemahan dari: The Chinese in Malaysia. - Oxford: Oxford University Press, 1967 | ||
| 504 | _aBibliografi: ms. [323]-329 | ||
| 650 | 0 |
_aChinese _zMalaya _93008 |
|
| 700 | 0 |
_aNik Hasnaa Nik Mahmood _93009 |
|
| 942 |
_2ddc _cBOOK |
||